Manual de derecho procesal civil /
Guardado en:
| Autor Principal: | |
|---|---|
| Otros Autores: | |
| Formato: | Libro |
| Idioma: | Spanish |
| Publicado: |
Buenos Aires :
Abeledo Perrot,
2016.
|
| Edición: | 21a. ed. |
| Materias: | |
| Etiquetas: |
Agregar Etiqueta
Sin Etiquetas, Sea el primero en etiquetar este registro!
|
| LEADER | 00558nam a22001695a 4500 | ||
|---|---|---|---|
| 001 | DER.der013486 | ||
| 008 | 180615s2016####ag#||||||||||||||#||spa|| | ||
| 005 | 20250428134921.0 | ||
| 245 | 1 | 0 | |a Manual de derecho procesal civil / |c Lino Enrique Palacio, revisado por Carlos Enrique Camps. |
| 250 | |a 21a. ed. | ||
| 260 | |a Buenos Aires : |b Abeledo Perrot, |c 2016. | ||
| 300 | |a 1016 p. | ||
| 020 | |a 9789502026336 | ||
| 100 | 1 | |a Palacio, Lino Enrique | |
| 700 | 1 | |a Camps, Carlos Enrique, |e rev. | |
| 653 | |a DERECHO PROCESAL CIVIL | ||
| 859 | |a DERECHO |b BIB. DERECHO |h 347.05 |i PAL |p 008458 | ||
